|
|
|
|
| LEADER |
00000nam0a2200000 4500 |
| 001 |
91085 |
| 005 |
20231101213741.0 |
| 035 |
|
|
|a (RuTPU)RU\TPU\book\97662
|
| 090 |
|
|
|a 91085
|
| 100 |
|
|
|a 20060220d1960 m y0rusy50 ca
|
| 101 |
1 |
|
|a eng
|
| 102 |
|
|
|a RU
|
| 105 |
|
|
|a a z 000zy
|
| 200 |
1 |
|
|a Основы физики сплавов
|e пер. с англ.
|f М. К. Смит
|
| 210 |
|
|
|a Москва
|c Металлургиздат
|d 1960
|
| 215 |
|
|
|a 352 с.
|c ил.
|
| 606 |
1 |
|
|a Сплавы
|x Физика
|2 stltpush
|3 (RuTPU)RU\TPU\subj\55940
|9 73892
|
| 610 |
1 |
|
|a металловедение
|
| 610 |
1 |
|
|a диаграммы состояний
|
| 610 |
1 |
|
|a двойные сплавы
|
| 610 |
1 |
|
|a растворимость
|
| 610 |
1 |
|
|a твердые сплавы
|
| 610 |
1 |
|
|a изменения
|
| 610 |
1 |
|
|a сплавы железа
|
| 610 |
1 |
|
|a чугун
|
| 610 |
1 |
|
|a тройные сплавы
|
| 675 |
|
|
|a 669.018:53
|v 3
|
| 700 |
|
1 |
|a Смит
|b М. К.
|g Мортон К.
|
| 801 |
|
1 |
|a RU
|b 63413507
|c 20060220
|g PSBO
|
| 801 |
|
2 |
|a RU
|b 63413507
|c 20200824
|g PSBO
|
| 900 |
|
|
|a Физические основы разработки и производства твердых сплавов
|
| 942 |
|
|
|c BK
|